[Event "Eastern Asia-ch U10"]
[Site "Tornelo INT"]
[Date "2021.10.29"]
[Round "2"]
[White "Prabhman, Singh Malhotra"]
[Black "Samimi, Armin"]
[Result "1-0"]
[WhiteElo "1100"]
[BlackElo "1436"]
[PlyCount "71"]
[EventDate "2021.10.29"]
[EventType "swiss"]
[EventRounds "9"]
[EventCountry "NET"]
[SourceTitle "EXT 2023"]
[Source "ChessBase"]
[SourceDate "2022.10.05"]
[SourceVersion "1"]
[SourceVersionDate "2022.10.05"]
[SourceQuality "1"]

1. d4 Nf6 2. Bf4 d5 3. e3 e6 4. Nf3 c5 5. c3 Nc6 6. Nbd2 Bd6 7. Bg3 0-0 8. Bd3 b6 9. Ne5 Bb7 10. f4 Ne7 11. 0-0 Ne4 12. Qc2 Nf5 13. Rf3 cxd4 14. exd4 Rc8 15. Nb3 Be7 16. Bf2 f6 17. Ng4 Nfd6 18. Re1 a5 19. Nd2 b5 20. Ne3 f5 21. Bxe4 fxe4 22. Rh3 Rxf4 23. Bg3 Rf7 24. Qd1 Nf5 25. Ng4 Bg5 26. Nb3 Nxg3 27. hxg3 b4 28. Nc5 Rxc5 29. dxc5 bxc3 30. bxc3 Qe7 31. Qd4 Bf6 32. Nxf6+ Rxf6 33. Rb1 Qc7 34. Kh2 Rg6 35. Qa4 e3 36. Qe8# 1-0

[Event "IRI-ch Online"]
[Site "Chess.com INT"]
[Date "2021.03.16"]
[Round "4"]
[White "Nikookar, Mahdi"]
[Black "Samimi, Armin"]
[Result "1-0"]
[WhiteElo "2239"]
[BlackElo "1517"]
[PlyCount "73"]
[EventDate "2021.03.15"]
[EventType "swiss (rapid)"]
[EventRounds "11"]
[EventCountry "IRI"]
[SourceTitle "CBM 201 Extra"]
[Source "ChessBase"]
[SourceDate "2021.05.31"]
[SourceVersion "1"]
[SourceVersionDate "2021.05.31"]
[SourceQuality "1"]

1. e4 c5 2. b3 Nc6 3. Bb2 d6 4. Bb5 Bd7 5. f4 e6 6. Nf3 Nf6 7. d3 Qa5+ 8. Nc3 Be7 9. 0-0 0-0 10. Bxc6 Bxc6 11. Qe1 Qb6 12. Kh1 Rfe8 13. Qg3 Bf8 14. Rae1 d5 15. Ne5 Qc7 16. Nxc6 bxc6 17. e5 Nh5 18. Qh3 g6 19. g4 Ng7 20. f5 exf5 21. gxf5 Qd7 22. e6 fxe6 23. fxg6 hxg6 24. Rg1 Qf7 25. Ref1 Nf5 26. Ne4 d4 27. Qh5 Bg7 28. Rxg6 Rf8 29. Rfg1 Ne7 30. Rxg7+ Qxg7 31. Rxg7+ Kxg7 32. Qxc5 Nd5 33. Qxd4+ Kf7 34. c4 Nf4 35. Qd7+ Kg6 36. Qg7+ Kf5 37. Qg5# 1-0

[Event "IRI-ch U10"]
[Site "Chess.com INT"]
[Date "2021.01.16"]
[Round "6"]
[White "Samimi, Armin"]
[Black "Dadpour, Kiarash"]
[Result "1-0"]
[WhiteElo "1517"]
[BlackElo "1068"]
[PlyCount "49"]
[EventDate "2021.01.16"]
[EventType "swiss"]
[EventRounds "11"]
[EventCountry "IRI"]
[SourceTitle "EXT 2022"]
[Source "ChessBase"]
[SourceDate "2021.10.06"]
[SourceVersion "1"]
[SourceVersionDate "2021.10.06"]
[SourceQuality "1"]

1. e4 c5 2. Nc3 Nc6 3. Bb5 g6 4. Bxc6 bxc6 5. d3 Bg7 6. f4 e6 7. e5 Ne7 8. Ne4 0-0 9. Nf3 Nd5 10. 0-0 f6 11. b3 fxe5 12. fxe5 Qc7 13. Bb2 Ne3 14. Qd2 Nxf1 15. Rxf1 Bb7 16. Nf6+ Kh8 17. Qg5 Rf7 18. Nh4 Bxf6 19. exf6 Rg8 20. Rf3 c4 21. Rh3 cxd3 22. Nxg6+ Rxg6 23. Qxg6 d2 24. Rxh7+ Rxh7 25. Qe8# 1-0